00385cam a2200145ua 45000010005000000080039000050400009000441000028000532450055000812500009001362600025001453000018001706530014001886530037002022305110804n ii |||gr||||Z||||||asm cMAIN1 aBhattacharyya,eAuthor.1 aAdhunik bharatia siksha sahayikacby Bhattacharyya a1st. aGuahati:bBook Land. aii; 240p:9cm. aEducation aAdhunik bharatia siksha sahayika